| 000 | 00826cab a2200253 4500 | ||
|---|---|---|---|
| 001 | WB3139-35 | ||
| 008 | 090401t1995 xxu||||| |||| 00| 0 eng d | ||
| 035 | _a(Sirsi) u2840 | ||
| 041 | _aeng | ||
| 245 | _aMOD sells off bases | ||
| 260 | _c1995 | ||
| 350 | _a0 | ||
| 490 |
_aCSM (Chartered Surveyor Monthly) _v5(2) October 1995, 13(1) |
||
| 520 | _aBurges Salmon report "Agricultural Law Quarterly" discusses the MOD sell off of redundant military bases which could mean landowners whose land was compulsory purchased may have the right to repossess it. | ||
| 650 |
_aCompulsory purchase _96228 |
||
| 650 | _aCRICHEL DOWN RULES | ||
| 650 | _aDEFENCE LAND | ||
| 650 | _aMILITARY BASES | ||
| 650 | _aMINISTRY OF DEFENCE PROPERTY | ||
| 650 | _aSURPLUS LAND | ||
| 690 | _aLAND | ||
| 942 | _n0 | ||
| 948 | _c04/03/1997 | ||
| 999 |
_c1709 _d1709 |
||